| 000 | 00366nam a2200157Ia 4500 | ||
|---|---|---|---|
| 008 | 230312s9999||||xx |||||||||||||| ||und|| | ||
| 020 | _a9788120329812 | ||
| 082 |
_a681.381 _bKUM-E |
||
| 100 | _aKumar, Balbir | ||
| 245 | 0 | _aElectronic Devices and Circuits | |
| 260 |
_bPHI _aIndia _c2009 |
||
| 300 | _a710 | ||
| 546 | _aEng. | ||
| 650 | _aEngineering | ||
| 942 | _cBK | ||
| 999 |
_c3710 _d3710 |
||